Biblography and review of waqf litereature : (Record no. 53576)

MARC details
000 -LEADER
fixed length control field 01967nam a22002897a 4500
005 - DATE AND TIME OF LATEST TRANSACTION
control field 20110628104948.0
010 ## - LCCN (DPL NO)
LC control number ENG-102892 B-447278-282
020 ## - INTERNATIONAL STANDARD BOOK NUMBER
International Standard Book Number 9788189965068
Terms of availability 200.00
035 ## - SYSTEM CONTROL NUMBER
System control number EN-86425 B-447278-282
037 ## - SOURCE OF ACQUISITION
Source of stock number/acquisition DBAD/PUB
037 ## - SOURCE OF ACQUISITION
Source of stock number/acquisition BPPD/PUB
082 ## - DEWEY DECIMAL CLASSIFICATION NUMBER
Classification number 016.34059
100 ## - MAIN ENTRY--PERSONAL NAME
Personal name Khalid Rashid
245 ## - TITLE STATEMENT
Title Biblography and review of waqf litereature :
Statement of responsibility, etc by Syed Khalid Rashid
Remainder of title produced in India,Pakistan,Bangladesh, Malaysia & Indonesia during 1977-2007 /
260 ## - PUBLICATION, DISTRIBUTION, ETC. (IMPRINT)
Place of publication, distribution, etc New Delhi
Name of publisher, distributor, etc Qazi Publishers & Distributors
Date of publication, distribution, etc 2010
270 ## - ADDRESS
Address B-35, Nizamuddin west,
City New Delhi
Postal code 110 013
300 2# - PHYSICAL DESCRIPTION
Extent 135p.
Dimensions 22cm (pbk)
700 ## - ADDED ENTRY--PERSONAL NAME
9 (RLIN) 28907
942 ## - ADDED ENTRY ELEMENTS (KOHA)
Source of classification or shelving scheme Dewey Decimal Classification
Item type English Books
Call number suffix KHA
Classification part 016.34059
Holdings
Withdrawn status Lost status Not for loan Collection code Home library Current library Date acquired Source of acquisition Cost, normal purchase price Full call number Barcode Copy number Cost, replacement price Koha item type
  Written-off vide DLB M. No. 383 dt 16.05.19   Non-fiction Central Library Central Library 23/03/2012 KKP/22/23.9.11/BL1318/23.9.11/9.11.11 200.00 016.34059 KHA B-447278 1 200.00 English Books
    Not For Loan Non-fiction D.B.Act.Division D.B.Act.Division 04/07/2011 DBAD/PUB 200.00 016.34059 KHA EN-86425 1 200.00 English Books
      Non-fiction Karol Bagh Karol Bagh 23/03/2012 KKP/22/23.9.11/BL1318/23.9.11/9.11.11 200.00 016.34059 KHA B-447281 1 200.00 English Books
      Non-fiction Patel Nagar Patel Nagar 23/03/2012 KKP/22/23.9.11/BL1318/23.9.11/9.11.11 200.00 016.34059 KHA B-447279 1 200.00 English Books
      Non-fiction Sarojini Nagar Sarojini Nagar 23/03/2012 KKP/22/23.9.11/BL1318/23.9.11/9.11.11 200.00 016.34059 KHA B-447280 1 200.00 English Books
      Non-fiction Shahdara Branch Shahdara Branch 23/03/2012 KKP/22/23.9.11/BL1318/23.9.11/9.11.11 200.00 016.34059 KHA B-447282 1 200.00 English Books

© Delhi Public Library
Hit Counter
free hit counter